Gaming Quiz

Random Gaming or Console Quiz

Nintendo 64 vs. GameCube Quiz Stats

 Plays Quiz Updated Jun 15, 2017

Support Sporcle.
Go Orange.
Score 0/20 Timer 01:30
2 Plays Today
Games Console % Correct
Super Smash Bros.???
83.6%
Banjo-Kazooie???
82.9%
Mario Party???
82.6%
Pokémon Snap???
80.3%
Diddy Kong Racing???
79.8%
Yoshi's Story???
78.2%
Conker's Bad Fur Day???
77.5%
Pokémon Stadium???
77.1%
Super Mario Sunshine???
75.8%
Super Smash Bros. Melee???
74.3%
Games Console % Correct
The Legend of Zelda: The Wind Waker???
73.6%
Pikmin???
71%
Paper Mario???
70.4%
Metroid Prime???
67.6%
Super Monkey Ball???
66.8%
Prince of Persia: The Sands of Time???
66.6%
Timesplitters 2???
62.5%
Wario World???
59.8%
Star Wars: Rogue Squadron???
58.7%
F Zero GX???
57.7%

You're not logged in!

Compare scores with friends on all Sporcle quizzes.
OR
Log In
Forgot?

From the Vault

Big 4 'Sporcle' Teams

by jayrodss7

We aren't picking favorites or anything, but if we were...
Remove Ads.
Support Sporcle.
Get the best of Sporcle when you Go Orange. This ad-free experience offers more features, more stats, and more fun while also helping to support Sporcle. Thank you for becoming a member.

Show Comments

Extras

Top Quizzes Today


Score Distribution

Your Account Isn't Verified!

In order to create a playlist on Sporcle, you need to verify the email address you used during registration. Go to your Sporcle Settings to finish the process.

Report this User

Report this user for behavior that violates our Community Guidelines.

Details: